Passive solar commercial and institutional buildings : a sourcebook of examples and design insights

Αποθηκεύτηκε σε:
Λεπτομέρειες βιβλιογραφικής εγγραφής
Συγγραφή απο Οργανισμό/Αρχή: International Energy Agency Solar Heating and Cooling Programme
Άλλοι συγγραφείς: Hastings, S. Robert (Επιμελητής έκδοσης)
Μορφή: Βιβλίο
Γλώσσα:English
Δημοσίευση: Chichester : John Wiley and sons, c1995
Θέματα:
Ετικέτες: Προσθήκη ετικέτας
Δεν υπάρχουν, Καταχωρήστε ετικέτα πρώτοι!

MARC

LEADER 00000nam a2200000 i 4500
001 1/72302
008 990316s1995 eng d
020 |a 0-471-93943-9 
035 |l 10048532 
040 |a GR-MY-UA  |b gre  |e aacr 
041 0 |a eng 
082 0 |a 725.20472 
110 2 |a International Energy Agency  |b Solar Heating and Cooling Programme. 
245 1 0 |a Passive solar commercial and institutional buildings :  |b a sourcebook of examples and design insights /  |c International Energy Agency, Paris, France ; principal editor S. R. Hastings 
260 |a Chichester :   |b John Wiley and sons,   |c c1995 
300 |a 454 p.  |b fig. 
500 |a International Energy Agency: Solar Heating & Cooling Programme, IEA solar task XI 
504 |a Includes bibliographical references and index 
650 0 0 |a Solar buildings. 
650 0 0 |a Commercial buildings  |x Heating and ventilation. 
650 0 0 |a Solar energy  |x Passive systems. 
650 0 0 |a Atriums. 
700 0 |a Hastings, S. Robert.  |4 edt 
852 |a INST  |b LESVOS  |e 19990316  |h 725.20472 PAS  |p 005100017004  |q 005100017004  |t BK  |y 0 
901 |a BIBL-1999-1 
909 |a Λ  |b 061489 
922 |a 1ΕΛΗ  |b 199811  |c ΚΠΣ/ΤΠ  |d ΠΑΠΑΣΩΤΗΡΙΟΥ 
950 |a 107-1998-07-18